000 00841nam a22002297a 4500
999 _c4770
_d4770
003 AR-CdUCM
008 190311b ||||| |||| 00| 0 spa d
040 _aMUNICIPALIDAD PROVINCIAL DEL CUSCO
_cBIBLIOTECA MUNICIPAL DEL CUSCO
082 _a374.11 /
_bH43
100 _aHernandez Ruiz, Santiago
_95211
245 _aLa escuela y el medio /
260 _aMexico :
_bSecretaria de educación pública,
_c1945.
300 _a283 páginas ;
_c21 cm.
440 _aCiencia y técnica de la educación
_n3
_914750
505 _aOrigen y desarrollo de los problemas del medio -- La escuela y el medio -- Problemas de la enseñanza especializada en relación con el medio...
650 _aPedagogía.
_91560
650 _aFamilia.
_92366
650 _aEscuela.
_91856
650 _aEscuela y medio.
_914751
942 _2ddc
_cLIBROS
945 _awfj